000 00893cam a2200265 a 4500
001 2983
005 20240129110035.0
020 _a9780590454179
040 _aDLC
_cDLC
_dDLC
_beng
050 0 0 _aPZ7.M36875
_b 1992
082 0 0 _a504
100 1 _aMarzollo, Claudio
245 1 0 _aKenny and the little kickers /
_cby Claudio Marzollo ; illustrated by Jacqueline Rogers.
250 _aFirst Scholastic printing , May 1992
260 _aNew York :
_bScholastic,
_c1992
300 _a29 unnumbered pages :
_bcolor illustrations ;
_c24 cm.
505 _aG
520 _aAlthough he feels shy and out of place on the playing field, Kenny agrees to try soccer.
521 _a370
_bLexile
521 _aG
_bRaz-Plus
650 1 _aSoccer
_vFiction.
700 1 _aRogers, Jacqueline
_d1958-
_eillustrator
906 _a7
_bcbc
_corignew
_d1
_eocip
_f19
_gy-gencatlg
942 _2ddc
_cBK
_n0
999 _c2983
_d2983